Understanding Bharata natyam; (Record no. 87713)
[ view plain ]
| 000 -LEADER | |
|---|---|
| fixed length control field | 00842cam a22002291 4500 |
| 001 - CONTROL NUMBER | |
| control field | sa 68017418 |
| 003 - CONTROL NUMBER IDENTIFIER | |
| control field | DLC |
| 005 - DATE AND TIME OF LATEST TRANSACTION | |
| control field | 20260227112702.0 |
| 008 - FIXED-LENGTH DATA ELEMENTS--GENERAL INFORMATION | |
| fixed length control field | 800123s1965 ii a 000 0 eng |
| 010 ## - LIBRARY OF CONGRESS CONTROL NUMBER | |
| LC control number | sa 68017418 |
| 035 ## - SYSTEM CONTROL NUMBER | |
| System control number | (OCoLC)5907406 |
| 040 ## - CATALOGING SOURCE | |
| Original cataloging agency | DLC |
| Transcribing agency | TxU |
| Modifying agency | DLC |
| 050 00 - LIBRARY OF CONGRESS CALL NUMBER | |
| Classification number | GV1693 |
| Item number | .S25 |
| 100 1# - MAIN ENTRY--PERSONAL NAME | |
| Personal name | Sarabhai, Mrinalini. |
| 245 10 - TITLE STATEMENT | |
| Title | Understanding Bharata natyam; |
| Remainder of title | lectures at Baroda University. |
| 250 ## - EDITION STATEMENT | |
| Edition statement | [1st ed.] |
| 260 ## - PUBLICATION, DISTRIBUTION, ETC. | |
| Place of publication, distribution, etc. | Baroda, |
| Name of publisher, distributor, etc. | Maharaja Sayajirao University of Baroda; [Copies can be had from: Manager, University Publication, Sales Unit] |
| Date of publication, distribution, etc. | 1965. |
| 300 ## - PHYSICAL DESCRIPTION | |
| Extent | 166 p. |
| Other physical details | illus. |
| Dimensions | 24 cm. |
| 490 1# - SERIES STATEMENT | |
| Series statement | College of Indian Music, Dance & Dramatics. Publication series, |
| Volume/sequential designation | 11 |
| 650 #0 - SUBJECT ADDED ENTRY--TOPICAL TERM | |
| Topical term or geographic name entry element | Dance |
| Geographic subdivision | India. |
| 810 1# - SERIES ADDED ENTRY--CORPORATE NAME | |
| Corporate name or jurisdiction name as entry element | Vadodara (India). |
| Subordinate unit | College of Indian Music, Dance and Dramatics. |
| Title of a work | Publication series ; |
| Volume/sequential designation | 11. |
No items available.